Zaspaté investovanie DSS sa začína rozbiehať
Nárast peňazí na účtoch Dôchodkových správcovských spoločností (DSS) v druhom dôchodkovom pilieri dovolil správcom pustiť sa do akciových investícií. Akciové investície sú rizikovou záležitosťou, takže DSS sú v investovaní pri menších sumách veľmi opatrné. Úvahy klientov o prestupoch do inej DSS, kd...
Guardado en:
| Autor principal: | |
|---|---|
| Formato: | Capítulo de libro |
| Lenguaje: | eslovaco |
| Materias: | |
| Etiquetas: |
Sin Etiquetas, Sea el primero en etiquetar este registro!
|
MARC
| LEADER | 00000naa$a2200000$$$4500 | ||
|---|---|---|---|
| 001 | 0036652 | ||
| 005 | 20231009082217.9 | ||
| 041 | 0 | |a slo | |
| 044 | |a SK | ||
| 245 | 1 | 0 | |a Zaspaté investovanie DSS sa začína rozbiehať |c Ján Záborský |
| 520 | |a Nárast peňazí na účtoch Dôchodkových správcovských spoločností (DSS) v druhom dôchodkovom pilieri dovolil správcom pustiť sa do akciových investícií. Akciové investície sú rizikovou záležitosťou, takže DSS sú v investovaní pri menších sumách veľmi opatrné. Úvahy klientov o prestupoch do inej DSS, kde dosiahnu vyššie výnosy. Problémy pri prestupoch pre Sociálnu poisťovňu. Poplatky a čisté výnosy. | ||
| 610 | 2 | 0 | |a spoločnosti správcovské dôchodkové |
| 610 | 2 | 0 | |a peniaze |
| 610 | 2 | 0 | |a investície |
| 610 | 2 | 0 | |a akcie |
| 610 | 2 | 0 | |a výnosy |
| 610 | 2 | 0 | |a klienti |
| 610 | 2 | 0 | |a poplatky |
| 100 | 1 | |a Záborský, Ján | |